| 000 | 00350nam a2200133Ia 4500 | ||
|---|---|---|---|
| 008 | 200103s9999||||xx |||||||||||||| ||und|| | ||
| 040 | _aIMU-MPC | ||
| 082 | _aColumn-43 | ||
| 100 | _aRussell, R. C. H. and Macmillan, D. H. | ||
| 245 | 0 | _aWaves and Tides | |
| 260 |
_bScientific and Technical Publications, London _c1952 |
||
| 300 | _a348 | ||
| 942 | _cBK | ||
| 999 |
_c8956 _d8956 |
||